000 00479nam a2200157 4500
001 110449
003 ES-MaACL
007 t|
008 061121m19011905sp r ||||1| spa d
100 1 _aOdriozola y Grimaud, Carlos.
_986539
245 1 0 _aDiccionario de jurisprudencia hipotecaria de España /
_cformado por Carlos Odriozola y Grimaud.
250 _a4ª. ed.
260 _aMadrid :
_bRicardo Rojas,
_c1901-1905.
300 _a3v. ;
_c23 cm.
852 _aES-MaACL
_jB-5457-5459
999 _c110449
_d110449